000 00293nam a2200121Ia 4500
008 191201s2009 xx 000 0 und d
100 _aDWIVEDI, D.N.
245 0 _aManagerial Economics
260 _aN. Delhi
_bVikas Publication House
_c2009
300 _a704
650 _aBBA
942 _2ddc
_cBK
999 _c6593
_d6593